Statistiken für 100 Größte Deutsche

Klicken Sie hier um das Quiz zu spielen!

Allgemein

  • Dieses Quiz wurde 4,109 mal gespielt
  • Das Durchschnittsergebnis liegt bei 40 aus 99

Antwortstatistiken

# Wer sie waren Deutsche(r) % Korrekt
2Startete die ReformationMartin Luther
95%
10E=mc²Albert Einstein
92%
1Erster BundeskanzlerKonrad Adenauer
91%
3899 LuftballonsNena
87%
7DichterJohann Wolfgang von Goethe
87%
3KommunismusKarl Marx
84%
12Neun SinfonienLudwig van Beethoven
84%
13BundeskanzlerHelmut Kohl
84%
26Formel-1-LegendeMichael Schumacher
84%
8Erfinder des BuchdrucksJohannes Gutenberg
82%
24Wetten, dass...?Thomas Gottschalk
80%
20Salzburger KomponistWolfgang Amadeus Mozart
79%
30DSDS-JurorDieter Bohlen
78%
29Wer wird MillionärGünther Jauch
78%
6BarockkomponistJohann Sebastian Bach
73%
9"Eiserner" ReichskanzlerOtto von Bismarck
73%
32TennisspielerinSteffi Graf
73%
41Meister der TV-UnterhaltungHarald Schmidt
72%
21BundeskanzlerHelmut Schmidt
72%
35Jüngster Wimbledon-SiegerBoris Becker
71%
82"Medienkanzler"Gerhard Schröder
70%
64Basketballer in der NBADirk Nowitzki
67%
5BundeskanzlerWilly Brandt
67%
37Bekannt für seine 'Liste'Oskar Schindler
67%
80Kaiserin von ÖsterreichElisabeth ("Sissi")
65%
68Dichter von Wilhelm TellFriedrich von Schiller
62%
36"Kaiser Franz"Franz Beckenbauer
61%
49Attentat auf A. HitlerC.S. Graf von Stauffenberg
61%
93Erfinder des AutomobilsCarl Friedrich Benz
59%
95Liedermacher, ChansonsängerReinhard Mey
57%
53WinnetouKarl May
57%
27Vater des WirtschaftswundersLudwig Erhard
56%
57Humorist mit Nonsens-LyrikHeinz Erhardt
56%
52"Turnschuhminister"Joschka Fischer
55%
28Strahlen, 1. NobelpreisWilhelm Conrad Röntgen
51%
31RadrennfahrerJan Ullrich
49%
56"Es gibt nur ein' ... "Rudi Völler
49%
76Der ZauberbergThomas Mann
49%
23FeministinAlice Schwarzer
47%
94Hochgebildeter StauferFriedrich II. (HRR)
45%
100HSV-LegendeUwe Seeler
45%
42Aufgeklärter König PreußensFriedrich II., der Große
45%
72Ein bisschen FriedenNicole
44%
70Eiskunstläuferin aus der DDRKatarina Witt
44%
903:2-Siegtreffer 1954Helmut Rahn
42%
84"Gott ist tot"Friedrich Nietzsche
40%
4WiderstandskämpferHans und Sophie Scholl
39%
69Der Ring des NibelungenRichard Wagner
39%
39Langjähriger AußenministerHans-Dietrich Genscher
35%
63RaketenkonstukteurWernher von Braun
34%
15Baute den ersten ComputerKonrad Zuse
33%
54Humorist und CartoonistLoriot (Vicco von Bülow)
33%
79SkispringerSven Hannawald
30%
43AufklärungImmanuel Kant
30%
71Kapitän beim "Wunder von Bern"Fritz Walter
29%
98"Orthographisches Wörterbuch"Konrad Duden
28%
85StudentenführerRudi Dutschke
27%
58Ganz in weißRoy Black
26%
77Der SteppenwolfHermann Hesse
26%
65Leitfigur des deutschen PunkrocksCampino
26%
51Begründer der BakteriologieRobert Koch
26%
47SchlagersängerHeino
25%
92Populärer BoxerMax Schmeling
25%
16Kandidat bei DSDS 2003Daniel Küblböck
24%
18Elsässer UrwaldarztAlbert Schweitzer
24%
34Kirchl. Widerstand gg. HitlerDietrich Bonhoeffer
23%
48BundespräsidentRichard von Weizsäcker
23%
61Naturforscher und GeographAlexander von Humboldt
21%
50Weltstar des deutschen FilmsMarlene Dietrich
20%
45Popgruppe "Pur"Hartmut Engler
20%
46Begründerin der NaturheilkundeHildegard von Bingen
19%
67"der Wasserdoktor"Sebastian Kneipp
19%
62"deutscher Elvis"Peter Kraus
18%
19"Menschen für Menschen"Karlheinz Böhm
17%
91Maler der RenaissanceAlbrecht Dürer
16%
74FlugpionierOtto Lilienthal
16%
96"Buch der Lieder"Heinrich Heine
16%
89Mathematiker und AstronomCarl Friedrich Gauß
15%
78Schauspielerin der 1970erRomy Schneider
15%
66"Enfant terrible" der dt. PolitikFranz Josef Strauß
14%
87Erfolgreiche UnternehmerinBeate Uhse
14%
59Formel-1-PilotHeinz-Harald Frentzen
14%
14Industrieller, Ingenieur, ErfinderRobert Bosch
14%
25PopmusikerHerbert Grönemeyer
11%
81VolksschauspielerWilly Millowitsch
10%
40Schauspieler und RegisseurHeinz Rühmann
9%
22"Mutter Courage des Ostens"Regine Hildebrandt
8%
75Große Dame des dt. JournalismusMarion Gräfin Dönhoff
7%
33Begründer der HomöopathieSamuel Hahnemann
7%
83AktionskünstlerJoseph Beuys
7%
97WiderstandskämpferGeorg Elser
7%
99"the gentleman of music"James Last
7%
11Sozialreformer des 19. Jh.Adolph Kolping
6%
86Theologe, Mann der VermittlungKarl Lehmann
4%
55Gelehrter des MittelaltersAlbertus Magnus
4%
44VolksmusikerPatrick Lindner
4%
17"Schönstatt-Bewegung"Josef Kentenich
4%
73Lebte für die Armen und KrankenFriedrich von Bodelschwingh
3%
60TierschützerWolfgang Apel
3%

Verteilung der Resultate

Perzentil nach korrekt beantworteten Fragen

Anzahl Personen mit jedem Resultat

Ihre Resultats-Entwicklung

Sie haben dieses Quiz noch nicht gespielt